| 000 | 00000nam 2200000za 4500 |
| 001 | 9.836017 |
| 003 | CaOODSP |
| 005 | 20230131161137 |
| 007 | cr ||||||||||| |
| 008 | 170501s1914 onc #o f000 0 eng d |
| 040 | |aCaOODSP|beng |
| 043 | |an-cn-on |
| 086 | 1 |aM46-48E-PDF |
| 245 | 00|aSome myths and tales of the Ojibwa of Southeastern Ontario |h[electronic resource] / |ccollected by Paul Radin. |
| 260 | |aOttawa : |bCanada Department of Mines, Geological Survey, |c1914. |
| 300 | |aiv, 83 p., v. |
| 490 | 1 |aMemoir (Geological Survey of Canada) ; |v48 |
| 490 | 0 |aAnthropological series ; |vno. 2 |
| 500 | |a"No. 1326." |
| 500 | |aIssued also in French under title: Quelques mythes et contes des Ojibwa du sud-est d'Ontario. |
| 500 | |aDigitized edition from print [produced by Indigenous and Northern Affairs Canada]. |
| 520 | |aA collection of myths and tales of the Ojibwa of Southeastern Ontario. |
| 692 | 07|2gccst|aIndians |
| 692 | 07|2gccst|aFolklore |
| 692 | 07|2gccst|aCustoms |
| 700 | 1 |aRadin, Paul, |d1883-1959. |
| 710 | 1 |aCanada. |bDepartment of Mines. |
| 710 | 2 |aGeological Survey of Canada. |
| 775 | 08|tQuelques mythes et contes des Ojibwa du sud-est d'Ontario |w(CaOODSP)9.836022 |
| 830 | #0|aMemoir (Geological Survey of Canada)|v48.|w(CaOODSP)9.512525 |
| 856 | 40|qPDF|s8.03 MB|uhttps://publications.gc.ca/collections/collection_2017/aanc-inac/M46-48-eng.pdf |